Welcome to CU Library Online Public Access Catalogue (OPAC)

Discrete and combinatorial mathematics : (Record no. 459)

MARC details
000 -LEADER
fixed length control field 00665pam a2200217 a 4500
001 - CONTROL NUMBER
control field 2506200
005 - DATE AND TIME OF LATEST TRANSACTION
control field 20241031132735.0
008 - FIXED-LENGTH DATA ELEMENTS--GENERAL INFORMATION
fixed length control field 921120s1994 maua b 001 0 eng
020 ## - INTERNATIONAL STANDARD BOOK NUMBER
International Standard Book Number 0201549832
050 00 - LIBRARY OF CONGRESS CALL NUMBER
Classification number QA39.2
Item number .G748 1994
082 00 - DEWEY DECIMAL CLASSIFICATION NUMBER
Classification number 510
Edition information 20
100 1# - MAIN ENTRY--PERSONAL NAME
Personal name Grimaldi, Ralph P.
245 10 - TITLE STATEMENT
Title Discrete and combinatorial mathematics :
Remainder of title an applied introduction /
Statement of responsibility, etc. Ralph P. Grimaldi.
250 ## - EDITION STATEMENT
Edition statement 3rd ed.
260 ## - PUBLICATION, DISTRIBUTION, ETC.
Place of publication, distribution, etc. Reading, Mass. :
Name of publisher, distributor, etc. Addison-Wesley,
Date of publication, distribution, etc. c1994.
300 ## - PHYSICAL DESCRIPTION
Extent xvi, 874, [149] p. :
Other physical details ill. ;
Dimensions 24 cm.
650 #0 - SUBJECT ADDED ENTRY--TOPICAL TERM
Topical term or geographic name entry element Mathematics.
650 #0 - SUBJECT ADDED ENTRY--TOPICAL TERM
Topical term or geographic name entry element Computer science
General subdivision Mathematics.
650 #0 - SUBJECT ADDED ENTRY--TOPICAL TERM
Topical term or geographic name entry element Combinatorial analysis.
942 ## - ADDED ENTRY ELEMENTS (KOHA)
Source of classification or shelving scheme Library of Congress Classification
Koha item type Books
Edition 3rd Ed.
Suppress in OPAC No
999 ## -
-- 459
-- 459
Holdings
Withdrawn status Lost status Source of classification or shelving scheme Damaged status Not for loan Collection Home library Current library Shelving location Date acquired Total checkouts Full call number Barcode Date last seen Copy number Price effective from Koha item type
    Library of Congress Classification     Non-fiction Science Library (Miotso) Science Library (Miotso) General stacks 10/31/2024   QA39.2 .G748 1994 SLM00000258 10/31/2024 1 10/31/2024 Books
© 2023-2024 Copyright: Central University Libraries. All Rights Reserved | Created by: Mahone Tech Office